Представление документа в формате RUSMARC

ПолеНазваниеЗначение
  Тип записи a
  Библиографический уровень m
001 Контрольный номер RU/SLIB/B/208726463
005 Дата корректировки 20201206204007.9
010 Индекс ISBN __
d Цена 0-45
101 Язык документа __
a Язык текста rus
200 Заглавие и сведения об ответственности __
a Заглавие Рот фронт! Тельман: Страницы жизни
b Общее обозначение материала Текст
210 Выходные данные __
a Место издания М.
c Издательство Молодая гвардия
d Дата издания 1987
215 Физическое описание __
a Объем 205 с.
c Иллюстрации/тип воспроизводства ил
225 Серия __
a Серия Пионер - значит первый
600 Персоналии __
a Персоналии (Фамилия) Тельман
606 Тематические рубрики __
a Основная рубрика История
y Географическая подрубрика Германия
606 Тематические рубрики __
a Основная рубрика Европа с 1918 г. -
606 Тематические рубрики __
a Основная рубрика Политика. Политология
606 Тематические рубрики __
a Основная рубрика Политические движения и партии зарубежных стран
610 Ключевые слова __
a Ключевые слова коммунистические партии; биографии; политика; персоналии; политические партии
686 Индексы других классификаций __
a Классификационный индекс 63.3(4Гем)6-8
686 Индексы других классификаций __
a Классификационный индекс 66.69(4Гем),2
700 Автор __
a Фамилия Минутко
b Имя И. А.
4 Код отношения 070
701 Альтернативная интеллектуальная ответственность __
a Фамилия Шарапов
b Имя Э.П.
801 Источник записи _0
a Страна RU
b Организация Муниципальное бюджетное учреждение культуры "Централизованная библиотечная система" г. Сургут (Центральная городская библиотека им. А. С. Пушкина)
g Правила каталогизации КиК/Елгина
801 Источник записи _1
a Страна RU
b Организация Муниципальное бюджетное учреждение культуры "Централизованная библиотечная система" г. Сургут (Центральная городская библиотека им. А. С. Пушкина)
g Правила каталогизации КиК/Елгина
852 Данные о местонахождении __
j Шифр хранения 63.3(4Гем)6-8
c Каталожный индекс 63.3(4Гем)-8; 66.69(4Гем)
i Авторский знак М 61
p Инвентарный номер 29309
901 Тип документа __
t Тип документа m
990 Данные о заказе (DOS) __
j Количество экземпляров (DOS) 1